000 00456nam a2200205Ia 4500
003 0100
008 130303s9999 xx 000 0 und d
020 _a0340412313
040 _cARRUPELIB
050 _aPC5067.3.C771
100 _aCook, Manuela
245 _aPortuguese
260 _aBerkshire
260 _bHodder and Stoughton
260 _C1987
300 _a228p.
300 _b 20cm
440 _aTeach yourself books
942 _2lcc
_01
999 _c61148
_d61148